000 00275nam a22001337a 4500
008 170714b xxu||||| |||| 00| 0 eng d
020 _a9780521347624
041 _aeng
080 _a82
100 _a23
101 _aGJL
245 _aARISTOTLE
_cLEAR, J
942 _2udc
_cBK
999 _c20808
_d20808